Cuadro de datos de la población mundial 2013 (Record no. 11204)
[ view plain ]
| 000 -LEADER | |
|---|---|
| campo de control de longitud fija | 00372nam a2200133Ia 4500 |
| 001 - NÚMERO DE CONTROL | |
| campo de control | 3802 |
| 008 - DATOS DE LONGITUD FIJA--INFORMACIÓN GENERAL | |
| campo de control de longitud fija | 241024s9999 xx 000 0 und d |
| 082 ## - NÚMERO DE LA CLASIFICACIÓN DECIMAL DEWEY | |
| Número de clasificación | 310.801/P831c/2013 |
| 100 ## - ENTRADA PRINCIPAL--NOMBRE DE PERSONA | |
| Nombre de persona | Population reference bureau, prb. |
| 245 #0 - MENCIÓN DEL TÍTULO | |
| Título | Cuadro de datos de la población mundial 2013 |
| 260 ## - PUBLICACIÓN, DISTRIBUCIÓN, ETC. | |
| Nombre del editor, distribuidor, etc. | Washington, EEUU |
| Fecha de publicación, distribución, etc. | 2013 |
| 901 ## - ELEMENTOS DE DATOS A LOCAL LDA (RLIN) | |
| a | 11/7/2014 10:50:41 a.m. |
No items available.